[Event "Women's Speed Chess Q6"]
[Site "chess.com INT"]
[Date "2021.06.05"]
[Round "2"]
[White "Chu, Ruotong"]
[Black "Kanyamarala, Trisha"]
[Result "0-1"]
[WhiteTitle "WIM"]
[BlackTitle "WIM"]
[WhiteElo "2207"]
[BlackElo "2180"]
[WhiteFideId "8605653"]
[BlackFideId "45004722"]
[EventDate "2021.06.05"]

1. Nf3 d5 2. g3 Nf6 3. Bg2 e6 4. O-O b5 5. d4 Bb7 6. a4 c6 7. Ne5 Nbd7 8. b3 Bd6
9. Bb2 O-O 10. c4 bxc4 11. bxc4 c5 12. Nxd7 Qxd7 13. dxc5 Be7 14. cxd5 Bxd5 15.
e4 Bc6 16. e5 Nd5 17. Qd4 Rab8 18. Rc1 Rb4 19. Rc4 Rb3 20. Nd2 Rb7 21. Ne4 Rfb8
22. Ba3 Rb1+ 23. Rxb1 Rxb1+ 24. Rc1 Qb7 25. Nd6 Rxc1+ 26. Bxc1 Qb1 27. Qd2 h6
28. Bf1 Bg5 29. f4 Be7 30. Qb2 Qe4 31. Qb8+ Kh7 32. Qb3 Qd4+ 0-1

[Event "Women's Speed Chess Q6"]
[Site "chess.com INT"]
[Date "2021.06.05"]
[Round "2"]
[White "Pourkashiyan, Atousa"]
[Black "Bodnaruk, Anastasia"]
[Result "0-1"]
[WhiteTitle "WGM"]
[BlackTitle "IM"]
[WhiteElo "2322"]
[BlackElo "2446"]
[WhiteFideId "12502014"]
[BlackFideId "4181751"]
[EventDate "2021.06.05"]

1. e4 c5 2. Nf3 d6 3. d4 cxd4 4. Nxd4 Nf6 5. Nc3 a6 6. Be2 e5 7. Nb3 Be7 8. O-O
O-O 9. Be3 Be6 10. Qd3 Re8 11. Nd5 Bxd5 12. exd5 Bf8 13. c4 Nbd7 14. a4 a5 15.
Rac1 b6 16. Nd2 Nc5 17. Qc2 g6 18. f3 Nh5 19. Ne4 f5 20. Ng5 Nf4 21. Bxf4 exf4
22. Ne6 Nxe6 23. dxe6 Rxe6 24. c5 d5 25. cxb6 Qxb6+ 26. Kh1 Rd8 27. Rfd1 Bg7 28.
Bb5 Kh8 29. h3 d4 30. Rd3 h5 31. Rdd1 Re3 32. Qc6 Qxc6 33. Rxc6 d3 34. Kg1 d2
35. Kf1 Bxb2 36. Rc2 Bc3 37. Be2 Rde8 38. Rcxd2 Bxd2 39. Rxd2 Kg7 40. Bb5 R8e6
41. Kf2 h4 42. Rd7+ Kh6 43. Ra7 Ra3 44. Rxa5 Ra2+ 45. Kf1 Rd6 46. Kg1 Rdd2 47.
Ra8 Rd1+ 48. Kh2 Raa1 49. g4 Rd2+ 0-1

[Event "Women's Speed Chess Q6"]
[Site "chess.com INT"]
[Date "2021.06.05"]
[Round "2"]
[White "Dauletova, Gulmira"]
[Black "Grigoryan, Meri"]
[Result "1-0"]
[WhiteTitle "WGM"]
[BlackTitle "WFM"]
[WhiteElo "2257"]
[BlackElo "2044"]
[WhiteFideId "13702971"]
[BlackFideId "13300571"]
[EventDate "2021.06.05"]

1. e4 e5 2. Nf3 Nc6 3. Bb5 Nf6 4. d3 Bc5 5. c3 d6 6. O-O O-O 7. Nbd2 a6 8. Bxc6
bxc6 9. d4 exd4 10. cxd4 Bb6 11. Qc2 c5 12. d5 h6 13. Nc4 Re8 14. Nfd2 Bd7 15.
a4 Bg4 16. f3 Bh5 17. a5 Ba7 18. b3 Bg6 19. Qc3 c6 20. Bb2 cxd5 21. exd5 Re2 22.
Ne4 Bxe4 23. fxe4 Rxe4 24. Qd3 Rg4 25. Bxf6 gxf6 26. Rae1 Rg6 27. Rf3 Rb8 28.
Rfe3 Kg7 29. Re7 Ra8 30. Rb7 Qc8 31. Ree7 Qg4 32. Rxf7+ Kg8 33. g3 Re8 34. Rfe7
Rxe7 35. Rxe7 Qg5 36. Rxa7 Qc1+ 37. Qf1 Qg5 38. Qe2 Qc1+ 39. Kg2 1-0

[Event "Women's Speed Chess Q6"]
[Site "chess.com INT"]
[Date "2021.06.05"]
[Round "2"]
[White "Cori T., Deysi"]
[Black "Eswaran, Ashritha"]
[Result "0-1"]
[WhiteTitle "WGM"]
[BlackTitle "WIM"]
[WhiteElo "2388"]
[BlackElo "2244"]
[WhiteFideId "3801934"]
[BlackFideId "2080788"]
[EventDate "2021.06.05"]

1. d4 Nf6 2. Nf3 e6 3. e3 c5 4. Bd3 d5 5. b3 Nc6 6. O-O Bd6 7. Bb2 O-O 8. Nbd2
h6 9. a3 b6 10. Qe2 Bb7 11. Rfd1 Rc8 12. dxc5 Bxc5 13. c4 Be7 14. e4 dxc4 15.
Nxc4 b5 16. e5 bxc4 17. exf6 cxd3 18. Rxd3 Ba6 19. Rxd8 Bxe2 20. fxe7 Rfxd8 21.
exd8=Q+ Rxd8 22. Rc1 Bxf3 23. gxf3 Ne7 24. Rc7 Rd1+ 25. Kg2 Nd5 26. Rc8+ Kh7 27.
Be5 f6 28. Bb8 e5 29. h4 Nf4+ 30. Kh2 Kg6 31. Bxa7 Kh5 32. Rc7 Rd3 33. a4 Rxb3
34. a5 Rxf3 35. Rxg7 Rh3+ 36. Kg1 Ra3 37. Bb6 Kxh4 38. Bd8 Nh5 39. Rg6 Kh3 40.
f4 Nxf4 41. Rxh6+ Kg3 42. Rg6+ Nxg6 43. Kf1 Nf4 44. Ke1 Ra2 45. Bb6 Kf3 46. Kd1
Nd3 0-1

[Event "Women's Speed Chess Q6"]
[Site "chess.com INT"]
[Date "2021.06.05"]
[Round "2"]
[White "Novikova, Anna"]
[Black "Zakirova, Aisha"]
[Result "1-0"]
[WhiteTitle "WIM"]
[BlackTitle "WCM"]
[WhiteElo "2247"]
[BlackElo "1585"]
[WhiteFideId "4146794"]
[BlackFideId "13719734"]
[EventDate "2021.06.05"]

1. e4 c5 2. Nf3 d6 3. d4 cxd4 4. Nxd4 Nf6 5. Nc3 Nc6 6. Bg5 e6 7. f4 Qb6 8. Bxf6
gxf6 9. Nxc6 Qe3+ 10. Qe2 Qxe2+ 11. Bxe2 bxc6 12. O-O-O Bh6 13. g3 Ke7 14. Kb1
Bb7 15. Rhf1 Rab8 16. a3 Ba8 17. Bf3 Rb7 18. Ka2 Rhb8 19. b3 Bg7 20. Na4 Rc7 21.
Rd2 c5 22. Rfd1 f5 23. Rxd6 fxe4 24. Be2 Bd5 25. Ra6 c4 26. b4 Bc6 27. Nc5 Bb5
28. Ra5 Bc3 29. Na6 Bxa6 30. Rxa6 Rcb7 31. Bxc4 Bg7 32. Bb3 Bc3 33. Rad6 e3 34.
Bc4 Rc7 35. Be2 Bxb4 36. axb4 Rxc2+ 37. Kb3 Rxe2 38. Rd7+ Ke8 39. R7d3 Rxh2 40.
Rxe3 Rh3 41. Red3 Ke7 42. Ka4 Kf6 43. g4 Rh4 44. Rg3 Rh2 45. Rdd3 1-0

[Event "Women's Speed Chess Q6"]
[Site "chess.com INT"]
[Date "2021.06.05"]
[Round "2"]
[White "Berend, Elvira"]
[Black "Atalik, Ekaterina"]
[Result "1-0"]
[WhiteTitle "WGM"]
[BlackTitle "IM"]
[WhiteElo "2326"]
[BlackElo "2430"]
[WhiteFideId "4000510"]
[BlackFideId "4130189"]
[EventDate "2021.06.05"]

1. e4 e5 2. Nf3 Nc6 3. Bb5 a6 4. Bxc6 dxc6 5. O-O Bd6 6. d3 Ne7 7. Nbd2 O-O 8.
Nc4 Ng6 9. Nxd6 cxd6 10. d4 Bg4 11. Be3 Re8 12. h3 Bxf3 13. Qxf3 Qe7 14. dxe5
dxe5 15. Rfd1 f6 16. g3 Nf8 17. h4 Ne6 18. c3 Rad8 19. Bb6 Rxd1+ 20. Rxd1 Rc8
21. Qd3 Kf7 22. Qc4 c5 23. b4 Qe8 24. bxc5 Qc6 25. Qb3 Re8 26. f3 h5 27. Rd6 Qc8
28. Qd5 Kg6 29. f4 exf4 30. Qf5+ Kh6 31. gxf4 Nf8 32. Qg5+ Kh7 33. Qxh5+ Kg8 34.
Qd5+ Kh7 35. f5 Re5 36. Qf7 Rxe4 37. Rxf6 Rg4+ 38. Kf2 Qd7 39. Qh5+ Kg8 40.
Rxf8+ Kxf8 41. Qxg4 Qd2+ 42. Qe2 Qxc3 43. Qe6 Qd4+ 44. Kf3 Qd3+ 45. Kf4 Qf1+ 46.
Ke5 Qe1+ 47. Kd6 Qxh4 48. Qc8+ Kf7 49. Qxb7+ Kg8 50. Qd5+ Kh7 51. c6 Qf6+ 52.
Kc5 Qc3+ 53. Kd6 Qb4+ 54. Kc7 Qe7+ 55. Kc8 Qe8+ 56. Bd8 a5 57. c7 a4 58. Kb7 1-0

[Event "Women's Speed Chess Q6"]
[Site "chess.com INT"]
[Date "2021.06.05"]
[Round "2"]
[White "Tania, Sachdev"]
[Black "Komiagina, Maria"]
[Result "1-0"]
[WhiteTitle "IM"]
[BlackTitle "WIM"]
[WhiteElo "2392"]
[BlackElo "2241"]
[WhiteFideId "5007844"]
[BlackFideId "4153987"]
[EventDate "2021.06.05"]

1. d4 Nf6 2. c4 e6 3. Nf3 Bb4+ 4. Nbd2 b6 5. a3 Be7 6. b4 a5 7. b5 Bb7 8. e3 O-O
9. Bd3 d6 10. O-O Nbd7 11. Bb2 d5 12. Qc2 Rc8 13. Ne5 h6 14. Nc6 Bxc6 15. bxc6
Nb8 16. cxd5 exd5 17. Bf5 Bd6 18. Bxc8 Qxc8 19. Nf3 Qg4 20. h3 Qh5 21. Ne5 Ne4
22. a4 Na6 23. Qd1 Qh4 24. Qg4 Qe7 25. Qd7 Qg5 26. Ba3 Nb4 27. Bxb4 axb4 28. Qg4
Qe7 29. Nd3 Ra8 30. f3 Nd2 31. Rfe1 Nb3 32. Rab1 Na5 33. e4 Nc4 34. e5 Bc5 35.
dxc5 bxc5 36. e6 f6 37. Nf4 Nb6 38. Ng6 Qd6 39. e7 Re8 40. Re6 1-0

[Event "Women's Speed Chess Q6"]
[Site "chess.com INT"]
[Date "2021.06.05"]
[Round "2"]
[White "Perez Rodriguez, Jennifer"]
[Black "Tokhirjonova, Gulrukhbegim"]
[Result "1-0"]
[WhiteTitle "WIM"]
[BlackTitle "WGM"]
[WhiteElo "2251"]
[BlackElo "2344"]
[WhiteFideId "3507831"]
[BlackFideId "14203626"]
[EventDate "2021.06.05"]

1. e4 e5 2. Nf3 Nc6 3. d4 exd4 4. Bc4 Bc5 5. O-O Nf6 6. e5 d5 7. exf6 dxc4 8.
Re1+ Be6 9. Ng5 Qd5 10. Nc3 Qf5 11. Nce4 Bf8 12. g4 Qd5 13. Nxe6 fxe6 14. f7+
Kd7 15. Ng5 e5 16. f4 h6 17. Ne4 Bd6 18. f5 Qxf7 19. Qf3 Raf8 20. Bd2 Kc8 21.
Rad1 Kb8 22. b3 c3 23. Bc1 Ne7 24. Rf1 Nd5 25. a4 Be7 26. a5 a6 27. Rde1 Bf6 28.
Ng3 Nb4 29. Qg2 Qd5 30. Ne4 Be7 31. Qe2 Rd8 32. Rd1 Bf6 33. Nxc3 Qxa5 34. Ne4
Qb5 35. Qf3 Qc6 36. Qe2 Nxc2 37. Bd2 Na3 38. Rc1 Qb5 39. Qf3 d3 40. Be3 Qxb3 41.
Rcd1 Nc2 42. Nc5 Qb5 43. Rb1 Qc6 44. Rxb7+ Kc8 45. Qxc6 Nxe3 46. Qxc7# 1-0

[Event "Women's Speed Chess Q6"]
[Site "chess.com INT"]
[Date "2021.06.05"]
[Round "2"]
[White "Dong, Khanh Linh"]
[Black "Kulkarni, Bhakti"]
[Result "0-1"]
[WhiteTitle "WCM"]
[BlackTitle "IM"]
[WhiteElo "1970"]
[BlackElo "2391"]
[WhiteFideId "12403040"]
[BlackFideId "5019516"]
[EventDate "2021.06.05"]

1. e4 e5 2. Nf3 Nf6 3. d4 Nxe4 4. dxe5 d5 5. exd6 Bxd6 6. Bb5+ Nd7 7. Qe2 O-O 8.
O-O Ndf6 9. h3 c6 10. Bd3 Re8 11. Be3 Bc5 12. Bxc5 Nxc5 13. Qd2 Nxd3 14. cxd3
Bf5 15. d4 Qd6 16. Nc3 Ne4 17. Qc1 Rad8 18. Rd1 h6 19. a4 Re7 20. a5 a6 21. Ne5
Qb4 22. Qf4 Nd6 23. g4 Bc2 24. Rd2 Qxb2 25. Ra2 Qxc3 26. Raxc2 Qxa5 27. Nf3 Qd5
28. Rd1 Qe4 29. Qxe4 Nxe4 30. Kg2 Nf6 31. Rb2 Nd5 32. Rdb1 b5 33. Ne5 Re6 34.
Rc2 Nf4+ 35. Kg3 Rxd4 36. Nxc6 Rde4 37. f3 Re2 38. Rxe2 Nxe2+ 39. Kf2 Nc3 0-1

[Event "Women's Speed Chess Q6"]
[Site "chess.com INT"]
[Date "2021.06.05"]
[Round "2"]
[White "Ziegenfuss, Antonia"]
[Black "Nandhidhaa, P V"]
[Result "0-1"]
[WhiteTitle "WFM"]
[BlackTitle "WGM"]
[WhiteElo "2157"]
[BlackElo "2365"]
[WhiteFideId "12962554"]
[BlackFideId "5050847"]
[EventDate "2021.06.05"]

1. d4 c5 2. d5 e5 3. c4 d6 4. Nc3 Be7 5. e4 Bg5 6. Bd3 Bxc1 7. Qxc1 Ne7 8. Nge2
O-O 9. O-O Ng6 10. a3 Nd7 11. b4 b6 12. Qd2 Nf6 13. Rfb1 Ng4 14. f3 Nh6 15. bxc5
bxc5 16. a4 f5 17. a5 f4 18. a6 Nh4 19. Kh1 Qg5 20. Ng3 Nf7 21. Nf5 Bxf5 22.
exf5 Nxf5 23. Ne4 Qh5 24. Rb7 Nd4 25. Rab1 Ng5 26. Qf2 Nxe4 27. Bxe4 Rf7 28.
Rxf7 Qxf7 29. Rb7 Qf6 30. Qb2 g6 31. Rb8+ Rxb8 32. Qxb8+ Kg7 33. Qxa7+ Kh6 34.
Qb6 Qh4 35. Qb1 Ne2 36. a7 Ng3+ 37. Kg1 Ne2+ 38. Kf1 Ng3+ 39. Ke1 Nxe4+ 40. Ke2
Nc3+ 41. Kd2 Nxb1+ 42. Kc2 Qd8 43. Kxb1 Qa8 44. Kc2 0-1

[Event "Women's Speed Chess Q6"]
[Site "chess.com INT"]
[Date "2021.06.05"]
[Round "2"]
[White "Sliwicka, Alicja"]
[Black "Kabanova, Ekaterina"]
[Result "1-0"]
[WhiteTitle "WIM"]
[BlackTitle "WFM"]
[WhiteElo "2308"]
[BlackElo "2138"]
[WhiteFideId "1150677"]
[BlackFideId "24112917"]
[EventDate "2021.06.05"]

1. e4 c5 2. Nf3 e6 3. d4 cxd4 4. Nxd4 a6 5. Bd3 Qc7 6. O-O b5 7. a4 bxa4 8. Rxa4
Bb7 9. Be3 Nf6 10. Nd2 d5 11. exd5 Nxd5 12. Qe2 Be7 13. Rc4 Qd8 14. N2f3 Nxe3
15. Qxe3 O-O 16. Be4 Bd5 17. Bxd5 Qxd5 18. Rc3 Nd7 19. Rd3 Qb7 20. b3 Bf6 21.
Rfd1 Nb6 22. Ne5 Nd5 23. Qg3 Rac8 24. c4 Nb4 25. R3d2 Rfd8 26. Ng4 Bg5 27. f4
Be7 28. f5 Bd6 29. Nxe6 Qb6+ 30. Qf2 Qxf2+ 31. Kxf2 fxe6 32. Rxd6 Rxd6 33. Rxd6
exf5 34. Ne5 Re8 35. Nf3 h6 36. Nd4 Nd3+ 37. Kf3 Nc5 38. Nxf5 Nxb3 39. Rd7 Rf8
40. Kg4 h5+ 41. Kg5 Nc5 42. Rxg7+ Kh8 43. Re7 Rg8+ 44. Kh6 1-0

[Event "Women's Speed Chess Q6"]
[Site "chess.com INT"]
[Date "2021.06.05"]
[Round "2"]
[White "Kubicka, Anna"]
[Black "Mendoza, Shania Mae"]
[Result "0-1"]
[WhiteTitle "WIM"]
[BlackTitle "WFM"]
[WhiteElo "2210"]
[BlackElo "2158"]
[WhiteFideId "1152254"]
[BlackFideId "5211158"]
[EventDate "2021.06.05"]

1. e4 e5 2. Nf3 Nc6 3. Bb5 Nf6 4. d3 d6 5. O-O Be7 6. h3 O-O 7. Nbd2 a6 8. Bxc6
bxc6 9. Nc4 h6 10. c3 Re8 11. Re1 Bf8 12. Be3 g6 13. Qd2 Kh7 14. Rad1 Bg7 15.
Na5 Bd7 16. Qc2 Qc8 17. Qb3 d5 18. Bc5 Rb8 19. Qc2 Nh5 20. b4 Nf4 21. d4 Bxh3
22. g3 Bg2 23. Nh2 Bxe4 24. Rxe4 Nh3+ 25. Kg2 dxe4 26. Nxc6 Ra8 27. Nxe5 Bxe5
28. dxe5 Qf5 29. Rd4 Ng5 30. Qe2 Rxe5 31. Qe3 Rae8 32. g4 Qf6 33. Rd7 Ne6 34.
Bd4 Nxd4 35. cxd4 R5e7 36. Rxe7 Rxe7 37. Nf1 Qe6 38. Ng3 Qxg4 39. d5 f5 40. Qd4
f4 41. Qf6 Rg7 42. d6 cxd6 43. Qxd6 Qf3+ 44. Kg1 fxg3 45. fxg3 e3 0-1

[Event "Women's Speed Chess Q6"]
[Site "chess.com INT"]
[Date "2021.06.05"]
[Round "2"]
[White "Arabidze, Meri"]
[Black "Fronda, Jan Jodilyn"]
[Result "1-0"]
[WhiteTitle "IM"]
[BlackTitle "WIM"]
[WhiteElo "2432"]
[BlackElo "2152"]
[WhiteFideId "13604040"]
[BlackFideId "5204585"]
[EventDate "2021.06.05"]

1. Nf3 d5 2. d4 Nf6 3. c4 c6 4. Nc3 dxc4 5. a4 Bf5 6. e3 e6 7. Bxc4 Bb4 8. O-O
O-O 9. Qb3 Qe7 10. a5 c5 11. a6 Nxa6 12. Bxa6 bxa6 13. Ne5 a5 14. Bd2 Rfc8 15.
Qa4 Qe8 16. h3 Qxa4 17. Rxa4 cxd4 18. exd4 Bc2 19. Raa1 Nd5 20. Nxd5 exd5 21.
Bxb4 axb4 22. Ra5 Bb3 23. Rfa1 f6 24. Nd3 Rc4 25. Rxd5 a5 26. Rdxa5 Rxa5 27.
Rxa5 Rxd4 28. Nc5 Bc2 29. Ra8+ Kf7 30. Ra7+ Kg6 31. Rb7 Rc4 32. Ne6 b3 33. g4 f5
34. g5 f4 35. Rxg7+ Kf5 36. Nf8 Rc8 37. Nxh7 Ke4 38. Kg2 Bd1 39. Nf6+ Kf5 40. h4
Rc2 41. Rf7 Rxb2 42. Nd7+ Kg6 43. Ne5+ Kh5 44. Rh7# 1-0

[Event "Women's Speed Chess Q6"]
[Site "chess.com INT"]
[Date "2021.06.05"]
[Round "2"]
[White "Obregon Garcia, Roxangel"]
[Black "Dordzhieva, Dinara"]
[Result "0-1"]
[WhiteTitle "WIM"]
[BlackTitle "WGM"]
[WhiteElo "2167"]
[BlackElo "2311"]
[WhiteFideId "3520420"]
[BlackFideId "24157570"]
[EventDate "2021.06.05"]

1. d4 Nf6 2. Bf4 d5 3. e3 c5 4. c3 Nc6 5. Nd2 e6 6. Ngf3 Bd6 7. Bg3 O-O 8. Bb5
Ne7 9. O-O Bxg3 10. hxg3 Ng6 11. Rc1 Qe7 12. c4 cxd4 13. exd4 dxc4 14. Bxc4 Rd8
15. Qb3 b6 16. Ne5 Bb7 17. Ndf3 Nxe5 18. dxe5 Ne4 19. Qe3 Rac8 20. b3 Qa3 21. g4
Qe7 22. Rcd1 h6 23. Nd4 a6 24. f3 Nc5 25. Be2 b5 26. f4 Ne4 27. Bf3 Nc3 28. Rc1
b4 29. f5 Bxf3 30. Rxf3 Rxd4 31. f6 Qf8 32. Re1 Re4 33. Qf2 Rxg4 34. Rg3 Rxg3
35. Qxg3 Nd5 36. Re4 g5 37. Rh4 Rc3 38. Qg4 Ne3 39. Qf3 Nf5 0-1

[Event "Women's Speed Chess Q6"]
[Site "chess.com INT"]
[Date "2021.06.05"]
[Round "2"]
[White "Nemcova, Katerina"]
[Black "Nguyen, Hong Ngoc"]
[Result "1-0"]
[WhiteTitle "WGM"]
[BlackTitle "WCM"]
[WhiteElo "2331"]
[BlackElo "1957"]
[WhiteFideId "322750"]
[BlackFideId "12403083"]
[EventDate "2021.06.05"]

1. e4 c5 2. Nf3 d6 3. d4 cxd4 4. Qxd4 Nf6 5. Bb5+ Bd7 6. Bxd7+ Nfxd7 7. c4 Nc6
8. Qd2 g6 9. b3 Bg7 10. Bb2 O-O 11. O-O Qa5 12. Nc3 Nce5 13. Nd4 a6 14. Rad1 Qc7
15. Nd5 Qd8 16. f4 Nc6 17. Kh1 Nc5 18. Rfe1 e6 19. Nxc6 bxc6 20. Bxg7 Kxg7 21.
Qd4+ f6 22. Nc3 Nb7 23. e5 dxe5 24. Qe4 Qc7 25. fxe5 f5 26. Qe3 Rad8 27. h3 Rf7
28. Na4 c5 29. Rd2 Rxd2 30. Qxd2 Rd7 31. Qg5 Qd8 32. Qe3 Rd3 33. Qf2 Rd2 34. Qe3
Rxa2 35. Nxc5 Nxc5 36. Qxc5 Qd2 37. Qe7+ Kh6 38. Qh4+ Kg7 39. Qf6+ Kh6 40. Rg1
Qf4 41. Qf8+ Kh5 42. Qf6 Ra3 43. Qxe6 Rxb3 44. Qe7 Qe4 45. Qxh7+ Kg5 46. Qe7+
Kh6 47. Qf6 1-0

[Event "Women's Speed Chess Q6"]
[Site "chess.com INT"]
[Date "2021.06.05"]
[Round "2"]
[White "Kiran, Manisha Mohanty"]
[Black "Soumya, Swaminathan"]
[Result "0-1"]
[WhiteTitle "WGM"]
[BlackTitle "IM"]
[WhiteElo "2168"]
[BlackElo "2351"]
[WhiteFideId "5019575"]
[BlackFideId "5016193"]
[EventDate "2021.06.05"]

1. e4 g6 2. d4 Bg7 3. Nf3 d6 4. Be2 Nf6 5. Nc3 O-O 6. h3 Nc6 7. O-O e5 8. Be3
exd4 9. Nxd4 Re8 10. f3 d5 11. Bg5 Nxd4 12. Qxd4 Nxe4 13. Qxg7+ Kxg7 14. Bxd8
Nxc3 15. bxc3 Rxd8 16. Rad1 c5 17. g4 Be6 18. f4 d4 19. c4 f5 20. g5 h6 21. h4
hxg5 22. hxg5 Rh8 23. Kg2 Rae8 24. Bd3 Bd7 25. Rfe1 Bc6+ 26. Kg3 Kf7 27. Rxe8
Rxe8 28. Rd2 Re3+ 29. Kh2 Rf3 30. Re2 Rxf4 31. Re5 b6 32. Be2 Re4 33. Rxe4 fxe4
34. Kg3 Ba4 35. Bd1 d3 36. cxd3 Bxd1 37. dxe4 Ke6 38. Kf4 Be2 39. Ke3 Bxc4 40.
Kf4 Bxa2 41. Ke3 c4 42. Kf4 c3 43. Ke3 b5 44. Kf4 b4 45. Ke3 b3 46. Kd3 b2 47.
Kc2 b1=Q+ 48. Kxc3 Qb3+ 49. Kd4 Qc4+ 50. Ke3 Bb1 51. Kf4 Qxe4+ 52. Kg3 Qe3+ 53.
Kh2 Qf2+ 54. Kh3 Bf5# 0-1

[Event "Women's Speed Chess Q6"]
[Site "chess.com INT"]
[Date "2021.06.05"]
[Round "2"]
[White "Nguyen, Thi Mai Hung"]
[Black "Mohota, Nisha"]
[Result "1-0"]
[WhiteTitle "WGM"]
[BlackTitle "IM"]
[WhiteElo "2254"]
[BlackElo "2195"]
[WhiteFideId "12401676"]
[BlackFideId "5004330"]
[EventDate "2021.06.05"]

1. d4 d5 2. Nf3 Nf6 3. Bf4 c5 4. e3 Nc6 5. c3 Qb6 6. Qc2 g6 7. Nbd2 Bf5 8. Qb3
c4 9. Qxb6 axb6 10. a3 b5 11. Rc1 Bg7 12. h3 O-O 13. Be2 Nd7 14. O-O Nb6 15. g4
Bd3 16. Bxd3 cxd3 17. Rfd1 Nc4 18. Rb1 f6 19. e4 Nxd2 20. Nxd2 e5 21. dxe5 fxe5
22. Bg3 Rad8 23. exd5 Rxd5 24. Ne4 Na5 25. b3 Rc8 26. f3 Rc6 27. Kf2 Bf8 28. Ke3
Bxa3 29. Rxd3 Rxd3+ 30. Kxd3 Bd6 31. Nxd6 Rxd6+ 32. Ke4 Rc6 33. Bxe5 b6 34. Bd4
Kf7 35. Kd5 Re6 36. f4 Ke7 37. f5 gxf5 38. gxf5 Rd6+ 39. Ke4 Kd7 40. f6 Nb7 41.
f7 Ke7 42. Rf1 Rd8 43. Bf6+ 1-0

[Event "Women's Speed Chess Q6"]
[Site "chess.com INT"]
[Date "2021.06.05"]
[Round "2"]
[White "Sviridova, Vlada"]
[Black "Torres Hernandez, Leslie Carolin"]
[Result "1-0"]
[WhiteTitle "WFM"]
[BlackTitle "WFM"]
[WhiteElo "2144"]
[BlackElo "1884"]
[WhiteFideId "24109606"]
[BlackFideId "8400504"]
[EventDate "2021.06.05"]

1. d4 e6 2. c4 Nf6 3. Nf3 d5 4. Nc3 Be7 5. Bf4 O-O 6. e3 b6 7. cxd5 exd5 8. Bd3
Ba6 9. O-O Bxd3 10. Qxd3 Nbd7 11. Rac1 c5 12. b3 a6 13. Rfd1 cxd4 14. Nxd4 Nc5
15. Qf5 g6 16. Qh3 Rc8 17. Bh6 Re8 18. Qg3 Nce4 19. Nxe4 Nxe4 20. Rxc8 Qxc8 21.
Qf4 Bf6 22. h4 Be5 23. Qf3 Nc3 24. Rd2 Ne4 25. Rc2 Qd7 26. h5 Bg7 27. Bf4 g5 28.
h6 Bxh6 29. Bh2 Rc8 30. Rxc8+ Qxc8 31. g4 Qc1+ 32. Kg2 Nd2 33. Qe2 Bg7 34. Nf5
Bf6 35. Qd3 Qe1 36. Bg3 d4 37. exd4 Ne4 38. d5 Nxg3 39. Nxg3 Qe5 40. d6 Bd8 41.
Nf5 h5 42. gxh5 g4 43. Nh6+ Kg7 44. Nxg4 Qg5 45. f3 f5 46. h6+ Kh7 47. Qd5 Qh4
48. Qf7+ Kh8 49. Qf8+ Kh7 50. Qxf5+ 1-0

[Event "Women's Speed Chess Q6"]
[Site "chess.com INT"]
[Date "2021.06.05"]
[Round "2"]
[White "Avramidou, Anastasia"]
[Black "Nurmanova, Alua"]
[Result "1/2-1/2"]
[WhiteTitle "FM"]
[BlackTitle "WFM"]
[WhiteElo "2238"]
[BlackElo "2093"]
[WhiteFideId "4239873"]
[BlackFideId "13729390"]
[EventDate "2021.06.05"]

1. d4 Nf6 2. c4 g6 3. Nc3 Bg7 4. e4 d6 5. Bd3 O-O 6. Nge2 c5 7. d5 e6 8. Bg5 h6
9. Bh4 exd5 10. exd5 a6 11. a4 Re8 12. O-O Nbd7 13. f4 Qb6 14. Qd2 Nf8 15. h3
N6h7 16. f5 g5 17. Bg3 Be5 18. Bxe5 Rxe5 19. Kh1 Nd7 20. Ng1 Kg7 21. Nf3 Re8 22.
Ne4 f6 23. Rae1 Ne5 24. Nxe5 Rxe5 25. Nf2 Bd7 26. Ng4 Rxe1 27. Rxe1 Re8 28. Rxe8
Bxe8 29. Qe2 Qd8 30. Nf2 Bf7 31. Ne4 Qe7 32. Qc2 Qe5 33. Qc3 Qf4 34. b4 b6 35.
a5 cxb4 36. Qxb4 bxa5 37. Qxa5 Qc1+ 38. Kh2 Qf4+ 39. Kg1 Qe3+ 40. Nf2 Qc1+ 41.
Bf1 Bh5 42. Qc7+ Kg8 43. Qd8+ Nf8 44. Qxf6 Be2 45. Ng4 Qxf1+ 46. Kh2 Bxg4 47.
hxg4 Qf4+ 48. Kh3 Qe3+ 49. g3 Qf2 50. Qxd6 Qf1+ 51. Kh2 Qf2+ 52. Kh3 Qf1+ 53.
Kh2 Qf2+ 54. Kh3 1/2-1/2

[Event "Women's Speed Chess Q6"]
[Site "chess.com INT"]
[Date "2021.06.05"]
[Round "2"]
[White "Fernandez, Maria Florencia"]
[Black "Batsiashvili, Nino"]
[Result "0-1"]
[WhiteTitle "WIM"]
[BlackTitle "GM"]
[WhiteElo "2229"]
[BlackElo "2491"]
[WhiteFideId "116459"]
[BlackFideId "13602993"]
[EventDate "2021.06.05"]

1. d4 f5 2. c4 Nf6 3. Nc3 g6 4. Nf3 Bg7 5. Bf4 O-O 6. e3 d6 7. Qb3 e6 8. h4 Qe7
9. Be2 Nh5 10. O-O-O Nxf4 11. exf4 Nc6 12. h5 Bd7 13. hxg6 hxg6 14. d5 Na5 15.
Qc2 e5 16. Ng5 exf4 17. Ne6 Bxe6 18. dxe6 Qxe6 19. Bf3 c6 20. Nd5 Rf7 21. Rhe1
Be5 22. b4 cxd5 23. Bxd5 Qc8 24. bxa5 Qc5 25. Qb3 Rc8 26. Kb1 Rc7 27. f3 Qxa5
28. Re2 Kg7 29. Bxf7 Rxf7 30. Rc2 b6 31. Rd5 Qe1+ 32. Rc1 Qe2 33. Qc2 Qxc2+ 34.
Kxc2 Rc7 35. Kb3 g5 36. Rh1 Kg6 37. a4 g4 38. Rh4 Rh7 39. Rxh7 Kxh7 40. a5 Kg6
41. Ka4 bxa5 42. Kxa5 Kg5 43. Ka6 Kh4 44. Kxa7 Kg3 45. c5 dxc5 46. Rxe5 Kxg2 47.
Rxf5 Kxf3 48. Rxc5 g3 49. Rc3+ Kg4 50. Rc8 g2 51. Rg8+ Kh3 52. Kb6 f3 53. Rh8+
Kg3 54. Rg8+ Kf2 55. Kc5 g1=Q 56. Rd8 Qf1 57. Rd4 Qe2 58. Kd5 Qe3 59. Re4 Qxe4+
60. Kxe4 Ke2 61. Kf4 f2 62. Kg3 f1=Q 63. Kh2 Qf2+ 64. Kh1 Qf3+ 65. Kh2 Qg4 66.
Kh1 Kf2 67. Kh2 Qg2# 0-1

[Event "Women's Speed Chess Q6"]
[Site "chess.com INT"]
[Date "2021.06.05"]
[Round "2"]
[White "Petrova, Irina"]
[Black "Babiy, Olga"]
[Result "0-1"]
[WhiteTitle "WIM"]
[BlackTitle "WGM"]
[WhiteElo "2110"]
[BlackElo "2280"]
[WhiteFideId "14124122"]
[BlackFideId "14117258"]
[EventDate "2021.06.05"]

1. e4 c5 2. Nf3 Nc6 3. Bb5 e6 4. Bxc6 bxc6 5. O-O Ne7 6. c3 d5 7. e5 d4 8. Re1
Nf5 9. b3 Be7 10. Bb2 O-O 11. Na3 Ba6 12. Nc2 Qd5 13. cxd4 cxd4 14. Ncxd4 Nxd4
15. Bxd4 Rfd8 16. Bc3 Bd3 17. Nd4 c5 18. Nc2 Bg5 19. Ne3 Qd7 20. Qg4 h6 21. h4
Be7 22. Nc4 Qd5 23. Re3 Bf5 24. Qf4 Kf8 25. Rg3 g5 26. hxg5 Bxg5 27. Rxg5 hxg5
28. Qxg5 Qe4 29. Nd6 Qg4 30. Qh6+ Qg7 31. Qh5 Bg6 32. Qg4 Bd3 33. Qh3 Bg6 34.
Re1 Ke7 35. Qh4+ Kd7 36. Qa4+ Ke7 37. Qh4+ Kf8 38. Qc4 a5 39. Qxc5 Kg8 40. Qe3
a4 41. Qf4 axb3 42. axb3 Rab8 43. b4 Ra8 44. Re3 Kf8 45. Rg3 Qh7 46. Rh3 Qg7 47.
b5 Ke7 48. b6 Kd7 49. Qb4 Rdb8 50. b7 Ra7 51. Qb5+ Ke7 52. Qb4 Kd7 53. Qb5+ Ke7
54. Bb4 Ra1+ 55. Kh2 Kd8 56. Qb6+ Kd7 57. Qb5+ Kd8 58. Qc6 Qxe5+ 59. Rg3 Qh5+
60. Rh3 Qe5+ 61. g3 Qd5 62. Qe8+ Kc7 0-1